000 00370nam a2200157Ia 4500
100 _aMiller/Michael.A
650 _aAutomobiles
942 _cBK
654 _amicroprocessor
245 _aThe 68000 Microprocessor :Architecture
260 _bUniversal Book Stall
_aNew Delhi
_c1989
082 _a621.381598
_bMIL
300 _a513
546 _aENGLISH
999 _c32353
_d32353